000 00451nam a2200169 4500
003 OSt
008 240508b |||||||| |||| 00| 0 eng d
020 _a9789393159984
082 _a174.4
100 _aMISHRA, Anjan
245 _aEthics, Values and Indian Ethos
260 _aNew Delhi
_b‎ New Age International Private Limited
_c2022
300 _a255
650 _aB.Tech(CE)
700 _aBiswas, Wendrila & Giri Arunangshu
942 _2ddc
_cBK
999 _c12668
_d12668